El sitio de la mirada; secretos de la imágen y silencios del arte /
Guardado en:
| Autor Principal: | |
|---|---|
| Formato: | Libro |
| Publicado: |
Buenos Aires :
Norma,
2002
|
| Series: | Vitral
|
| Materias: | |
| Etiquetas: |
Agregar Etiqueta
Sin Etiquetas, Sea el primero en etiquetar este registro!
|
| LEADER | 00614nam a22002175a 4500 | ||
|---|---|---|---|
| 001 | CEM.cems012002 | ||
| 005 | 20060214000000.0 | ||
| 008 | 130507s2002##################000#0#####d | ||
| 003 | CEMS | ||
| 082 | 0 | 4 | |a 701 |
| 100 | 1 | |a Gruner, Eduardo | |
| 245 | 1 | 0 | |a El sitio de la mirada; secretos de la imágen y silencios del arte / |c Eduardo Gruner |
| 260 | |a Buenos Aires : |b Norma, |c 2002 | ||
| 300 | |a 387 p. | ||
| 490 | 0 | |a Vitral | |
| 653 | |a Arte | ||
| 653 | |a Arte-siglo 20 | ||
| 653 | |a Cine e imagen | ||
| 653 | |a Imagen-semiologia | ||
| 653 | |a Arte e imagen | ||
| 859 | |a CEMS |b BIB. CEMS - 11 de abril |h 701 |i G925 |p 23175.05 |t Ej.1 | ||
